wielki quiz o Gothic I/IINK/III/modyfikacje - Statystyki

Ogólne statystyki
  • Ten quiz został rozwiązany 296 razy
  • Średni wynik to 7 z 15
Statystyki odpowiedzi
Hint Odpowiedź % Poprawnych
Główny Bohater Bezimienny
100%
Pan i władca Starego Obozu Gomez
97%
Dawny królewski generał, przywódca najemników lee
94%
Prawa ręka władcy starego obozu później wybraniec boga ciemności Kruk
93%
Kopalnia należąca do Starego Obozu Stara Kopalnia
86%
Najlepsza broń Gothica 1 Uriziel
76%
Wyznawcy Beliara, mieszkają na Varancie Assasyni
70%
Anulowany oficjalny dodatek do Gothic 1 Gothic Sequel
31%
Zakon Którego przywódcą jest Ken'udz (Mroczne Tajemnice) Pradawni
21%
Jedyny opiekun skały (Returning) Stonnos
15%
Magnat, prawa ręka Kazzmira ma własną owce którą trzyma w jaskini nieopodal obozu (Mroczne Tajemnice) Melkor
14%
Przywódca Orków przed Kanem Berserker
10%
Pirat, główny bohater modyfikacji (Czas Zapłaty) Rick
10%
Siedziba Opiekunów (Returning) Pałac Vakhana
5%
Wysyła nas do Rosji (Podróżnik - Za Liniami Wroga) Agent Bush
3%
Nie znaleziono quizów pasujących do podanych kryteriów
Rozkład punktacji
Procent ludzi z każdym wynikiem
Percentyl według liczby udzielonych odpowiedzi
Twoja historia wyników
Nie rozwiązałeś tego quizu